00333nam a2200133Ia 4500008004100000020001500041041001200056082001600068100001400084245005100098260002800149300000800177650001400185221030s9999 xx 000 0 und d a8120301455 aEnglish a105.23bJal aP. Jalote 3aAn Integrated Approach To Software Engineering bNarosa PubaDelhic2006 a495 aComputers